| 000 | 00275 a2200097 4500 | ||
|---|---|---|---|
| 001 | 59705 | ||
| 100 | _a | ||
| 245 | _aIntroductory Nanotechnology; Concepts, Development and impacts on man and society | ||
| 260 |
_aNew Delhi _bDominant Publishers _c2007 |
||
| 090 |
_c36586 _d36586 |
||
| 942 |
_aNUST-CAE _c _c29542 |
||
| 999 |
_c294778 _d294778 |
||